Top 10 NBA Shooting Guards 2K25 - Statistics

General Stats
  • This quiz has been taken 181 times
  • The average score is 6 of 10
Answer Stats
OVR Player % Correct
93 Devin Booker
84%
92 Anthony Edwards
76%
93 Donovan Mitchell
75%
92 Kyrie Irving
64%
87 Derrick White
51%
84 Dejounte Murray
42%
84 Jalen Green
41%
85 Bradley Beal
40%
87 Tyler Herro
40%
86 Zach LaVine
36%
No matching quizzes found
Score Distribution
Percent of People with Each Score
Percentile by Number Answered
Your Score History
You have not taken this quiz